| 000 | 01183cam a2200301 a 4500 | ||
|---|---|---|---|
| 001 | 3527450 | ||
| 003 | NUST-PNEC | ||
| 005 | 20170116180717.0 | ||
| 008 | 961211s1997 maua be 000 0 eng | ||
| 010 | _a 96052026 | ||
| 020 | _a0890068933 | ||
| 040 | _cPNEC | ||
| 050 | 0 | 0 |
_aTK6574 _b.R34 1997 |
| 082 | 0 | 0 |
_a621.384803 BAR _221 |
| 100 |
_9736 _aBarton, David K. |
||
| 245 | 0 | 0 |
_aRadar technology encyclopedia / _cDavid K. Barton, Sergey A. Leonov, editors. |
| 260 |
_aBoston : _bArtech House, _cc1997. |
||
| 300 |
_axii, 511 p. : _bill. ; _c29 cm. |
||
| 440 | 4 | _aThe Artech House radar library | |
| 500 | _ahttp://www.amazon.com/Radar-Technology-Encyclopedia-Artech-Library/dp/0890068933/ref=sr_1_1?s=books&ie=UTF8&qid=1413888738&sr=1-1&keywords=0890068933 | ||
| 504 | _aIncludes bibliographical references (p. 485-506). | ||
| 650 | 0 |
_aRadar _xEncyclopedias. _xEL, MIS |
|
| 700 | 1 |
_aBarton, David Knox, _d1927- |
|
| 700 | 1 |
_aLeonov, S. A. _q(Sergeĭ Aleksandrovich) |
|
| 906 |
_a7 _bcbc _corignew _d1 _eocip _f19 _gy-gencatlg |
||
| 942 |
_2ddc _cBK |
||
| 999 |
_c61219 _d61219 |
||